Podnikové řízení výběr literatury 1984

Gespeichert in:
Bibliographische Detailangaben
1. Verfasser: Kvapil, Luboš
Format: Buch
Sprache:Tschechisch
Veröffentlicht: Praha Státní knihovna ČSR 1985
Tags: Tag hinzufügen
Keine Tags, Fügen Sie das erste Tag hinzu!

MARC

LEADER 00000nam a2200000 4500
001 c025404
005 20250613082402.4
041 0 |a cze 
044 |a CZ 
245 1 0 |a Podnikové řízení  |b výběr literatury 1984  |c Luboš Kvapil 
264 1 |a Praha  |b Státní knihovna ČSR  |c 1985 
300 |a 52 s. 
100 1 |a Kvapil, Luboš